00354cam a22001217a 4500008004000000082001700040100002100057245007300078260002800151300001000179650002900189700001400218180718b1985 xxu||||| |||| 00| 0 eng d aL211x54 K527 aKharabanda, S.R. aH.U.F. tax planning and assessmentcby S.R. Kharabanda and Prem Nath aDelhibCommericalc1985 a508p. aTaxation, Direct - India aPrem Nath